000 01298nam a22003617a 4500
003 CHAP
005 20220817042123.0
008 971013s r 00010 d
010 _a35289
011 _a36261
035 _a40380
040 _cCHAP
082 _a630.972
_bM47 1968-69
110 _aMéxico. Secretaría de Agricultura y Ganadería
_977111
245 _aPlan nacional agrícola, ganadero y forestal
_b: etapa 1968-1969
260 _a(s.l. :
_bs.e.),
_c(s.a.)
300 _a308 p.
_b: ilus
590 _aBATCH-UPD
_b10
_c20130110
_lUCH01
_h1145
590 _aBATCH-UPD
_b10
_c20130410
_lUCH01
_h0730
590 _aBATCH-UPD
_b10
_c20130914
_lUCH01
_h0040
590 _aBATCH-UPD
_b10
_c20130914
_lUCH01
_h1927
590 _aCONVERSION
_b10
_c20130109
_lUCH01
_h1320
650 1 4 _aAgricultura
_xEstadisticas
_zMexico.
650 1 4 _aAgricultura
_zMéxico.
_91932
650 1 4 _aBosques
_xMéxico.
_914341
650 1 4 _aGanado
_xMéxico.
_944935
650 1 4 _aPolítica agrícola
_zMéxico.
901 _aBK
942 _cLIBRO
949 _a630.972 M47 1968-69
_bBC
_cLIBRO
_d33724000048492
_eLIBRO
_fc.3
_h31648
_i40380
_mD
_si
949 _a630.972 M47 1968-69
_bBC
_cLIBRO
_d33724000048559
_eLIBRO
_fc.2
_h28652
_i40380
_mD
_si
949 _a630.972 M47 1968-69
_bBC
_cMUT
_d-92328
_eMUT
_h12777
_i40380
_mD
_si
999 _c35289
_d35289